Literal Celebrities' Names II Quiz Stats

 Plays Quiz Updated Nov 12, 2014

Score 0/20 Timer 04:00
8 Plays Today
% Correct
Alicia Silverstone
93.5%
Bart Braverman
91.1%
Paul Warfield
90.4%
Apolo Anton Ohno
90%
Robert Redford
89.7%
Gene Hackman
88.9%
Liam Tancock
88.9%
Dennis Rodman
88%
Jimmy Fallon
86.5%
Max Greenfield
86.3%
% Correct
Jayne Mansfield
83.8%
Rebecca Gayheart
83.7%
Liam Hemsworth
82.6%
Phylicia Rashad
75.6%
Max Weber
68.9%
Victoria Justice
65.9%
Diahann Carroll
65.8%
Jim Backus
63.7%
Mia Farrow
62.8%
Humphrey Bogart
62.4%

You're not logged in!

Compare scores with friends on all Sporcle quizzes.
OR
Log In

Show Comments

Extras

Top Quizzes Today


Score Distribution

Your Account Isn't Verified!

In order to create a playlist on Sporcle, you need to verify the email address you used during registration. Go to your Sporcle Settings to finish the process.

Report this User

Report this user for behavior that violates our Community Guidelines.

Details: